| 000 | 00774nab a2200241 u 4500 | ||
|---|---|---|---|
| 001 | 18458 | ||
| 003 | HDC | ||
| 007 | cr bn ---aaaaa | ||
| 008 | 210226c20070816xx dr|noo 0 a eng d | ||
| 040 | _aHDC | ||
| 245 | 0 | _aNingxia International Halal Food & Investment Fair | |
| 260 |
_a[No place] : _b[publisher not identified], _c2007 |
||
| 336 |
_atext _2rdacontent |
||
| 337 |
_acomputer _2rdamedia |
||
| 338 |
_aonline resource _2rdacarrier |
||
| 650 |
_aHalal food _950 |
||
| 650 |
_aInvestments _91553 |
||
| 710 | _aHalal Focus | ||
| 856 | _zRequest full-text at [email protected] | ||
| 942 | _2lcc | ||
| 942 | _cNEWS | ||
| 942 | _kNWSO 006059 | ||
| 999 |
_c15774 _d15774 |
||